000 00386nam a2200145Ia 4500
008 230711s9999||||xx |||||||||||||| ||und||
041 _aENG
082 _a621.3
_bLE-M
100 _aLee,William C.Y
245 0 _aMobile cellular telecommuication
250 _a2nd Ed.
260 _c1995
_aNew Delhi
_bTata McGraw Hill Education Limited
650 _aElectronics Engineering
942 _cBK
999 _c3753
_d3753